000 00662nam a2200181Ia 4500
008 090124s9999 xx 000 0 und d
082 _b46290
100 _aसाळुंखे आ. ह.
245 _a सर्वोत्तम भूमिपुत्र:गोतम बुध्द
250 _a2
260 _c2007
300 _a656
600 _aसाळुंखे आ. ह.
630 _a सर्वोत्तम भूमिपुत्र:गोतम बुध्द
700 _aसाळुंखे आ. ह.
730 _a सर्वोत्तम भूमिपुत्र:गोतम बुध्द
942 _cBOOK
999 _c112509
_d112509